| 000 | 00559nam a2200193 a 4500 | ||
|---|---|---|---|
| 005 | 20140311163014.0 | ||
| 008 | 060922s19uu xx 00 eng d | ||
| 020 | _a0335209955 | ||
| 050 |
_aP 95.45 _b.H883 2006 |
||
| 100 | _aHutchby, Ian | ||
| 245 |
_aMedia talk: _bconversation analysis and the study of broadcasting. / |
||
| 260 |
_aNew York : _bOpen University Press, _c2006. |
||
| 300 |
_a185 p.: _bill. ; _c25 cm. |
||
| 521 | _aMC | ||
| 650 | _aRadio broadcasting. | ||
| 650 | _aTelevision broadcasting. | ||
| 942 |
_cBK _2lcc _kFOR |
||
| 999 |
_c39407 _d39407 |
||